Móra Ferenc [gyászjelentések]
Elmentve itt :
| Dokumentumtípus: | Cikk |
|---|---|
| Megjelent: |
1934-02-09
|
| Sorozat: | Délmagyarország
10 No. 31 |
| Kulcsszavak: | Móra Ferenc, Gyászjelentés Szeged 1934 |
| Online Access: | http://dmarchiv.bibl.u-szeged.hu/48285 |
| LEADER | 00432nab a2200145 i 4500 | ||
|---|---|---|---|
| 001 | delm48285 | ||
| 005 | 20180927134906.0 | ||
| 008 | 180927s1934 hu o 0|| hun d | ||
| 040 | |a SZTE Délmagyarország Archívum |b hun | ||
| 041 | |a hun | ||
| 245 | 0 | 0 | |a Móra Ferenc |h [elektronikus dokumentum] : |b [gyászjelentések] |
| 260 | |c 1934-02-09 | ||
| 300 | |a 8 | ||
| 490 | 0 | |a Délmagyarország |v 10 No. 31 | |
| 695 | |a Móra Ferenc, Gyászjelentés Szeged 1934 | ||